Impact of climate change on socio-economic conditions of Bangladesh (Record no. 23477)

000 -LEADER
fixed length control field 00721nam a22002417a 4500
001 - CONTROL NUMBER
control field 23477
003 - CONTROL NUMBER IDENTIFIER
control field BD-DhUET
008 - FIXED-LENGTH DATA ELEMENTS--GENERAL INFORMATION
fixed length control field 150504b xxu||||| |||| 00| 0 eng d
020 ## - INTERNATIONAL STANDARD BOOK NUMBER
International Standard Book Number 9789843378835
040 ## - CATALOGING SOURCE
Transcribing agency 0
Modifying agency BD-DhUET
082 ## - DEWEY DECIMAL CLASSIFICATION NUMBER
Classification number 363.738095492
Item number ANW/2013
100 ## - MAIN ENTRY--PERSONAL NAME
Personal name Anwar Zahid
245 ## - TITLE STATEMENT
Title Impact of climate change on socio-economic conditions of Bangladesh
250 ## - EDITION STATEMENT
Edition statement 1st ed.
260 ## - PUBLICATION, DISTRIBUTION, ETC. (IMPRINT)
Place of publication, distribution, etc. Dhaka
Name of publisher, distributor, etc. Alumni Association of German Universities in Bangladesh
Date of publication, distribution, etc. 2013
300 ## - PHYSICAL DESCRIPTION
Extent 277p.
504 ## - BIBLIOGRAPHY, ETC. NOTE
Bibliography, etc Includes bibliographies
650 #0 - SUBJECT ADDED ENTRY--TOPICAL TERM
Topical term or geographic name as entry element Climate change-Environmental aspects
Geographic subdivision Bangladesh
700 ## - ADDED ENTRY--PERSONAL NAME
Personal name Qumrul Hassan, Muhammad
700 ## - ADDED ENTRY--PERSONAL NAME
Personal name Abdus Samad, Quazi
700 ## - ADDED ENTRY--PERSONAL NAME
Personal name Rafiqul Islam
942 ## - ADDED ENTRY ELEMENTS (KOHA)
Koha item type General Book
Holdings
Koha date last seen Piece designation (barcode) Location (home branch) Withdrawn status Koha normalized classification for sorting Shelving location Date acquired Koha item type Copy number Source of classification or shelving scheme Damaged status Sublocation or collection (holding branch) Koha full call number Not for loan Lost status Price effective from
2015-05-04112615Central Library, BUET 363_738095492000000_ANW_2013Circulation section2015-05-04General Book1  Central Library, BUET363.738095492/ANW/2013  2015-05-04
2015-05-04112616Central Library, BUET 363_738095492000000_ANW_2013Circulation section2015-05-04General Book2  Central Library, BUET363.738095492/ANW/2013  2015-05-04